Viazoy di sotsial-demokratie farshteyt di natsional-frage? (Запись № 13414730)
[ простой вид ]
| 000 -МАРКЕР | |
|---|---|
| контрольное поле | 02208nam0a22003731 4500 |
| 001 - ИДЕНТИФИКАТОР ЗАПИСИ | |
| контрольное поле | RU\NLR\Evr\4406 |
| 005 - ИДЕНТИФИКАТОР ВЕРСИИ | |
| контрольное поле | 20251202160538.0 |
| 035 ## - ДРУГИЕ СИСТЕМНЫЕ НОМЕРА | |
| Идентификатор записи | (NLR Aleph) 011420787 |
| 100 ## - ДАННЫЕ ОБЩЕЙ ОБРАБОТКИ | |
| Данные общей обработки | 20110731d1941 u y0rusy50 ca |
| 101 0# - ЯЗЫК РЕСУРСА | |
| Язык текста, звукозаписи и т.д. | идиш |
| 102 ## - СТРАНА ПУБЛИКАЦИИ ИЛИ ПРОИЗВОДСТВА | |
| Страна публикации | латвия |
| 105 ## - ПОЛЕ КОДИРОВАННЫХ ДАННЫХ: ТЕКСТОВЫЕ МАТЕРИАЛЫ, МОНОГРАФИЧЕСКИЕ | |
| Кодированные данные о монографическом текстовом документе | y ||||||||| |
| 200 1# - ЗАГЛАВИЕ И СВЕДЕНИЯ ОБ ОТВЕТСТВЕННОСТИ | |
| Связь между полями | a01 |
| Графика поля | Латинская |
| Основное заглавие | Viazoy di sotsial-demokratie farshteyt di natsional-frage? |
| Сведения, относящиеся к заглавию | Gedrukt in 1904 yor in gruzinish in der tsaytung "Proletariatis brdzola" ("Bor'ba proletariata") |
| Первые сведения об ответственности | I. Stalin |
| 210 ## - ПУБЛИКАЦИЯ, РАСПРОСТРАНЕНИЕ И ДР. | |
| Связь между полями | a01 |
| Место издания, распространения и т.д. | Rige |
| Имя издателя, распространителя и т. д. | Partay-farlag |
| Дата издания, распространения и т.д. | 1941 |
| Графика поля | Латинская |
| 210 ## - ПУБЛИКАЦИЯ, РАСПРОСТРАНЕНИЕ И ДР. | |
| Связь между полями | a01 |
| -- | z02 |
| Место издания, распространения и т.д. | ריגע |
| Имя издателя, распространителя и т. д. | פּארטיי-פארלאג |
| Дата издания, распространения и т.д. | 1941 |
| 210 ## - ПУБЛИКАЦИЯ, РАСПРОСТРАНЕНИЕ И ДР. | |
| -- | z02 |
| Место издания, распространения и т.д. | Рига |
| Имя издателя, распространителя и т. д. | Партийное издательство |
| Дата издания, распространения и т.д. | 1941 |
| Графика поля | Кириллица |
| 215 ## - ФИЗИЧЕСКАЯ ХАРАКТЕРИСТИКА | |
| Специфическое обозначение материала и объем | 40 с. |
| Размеры | 14 см. |
| 300 ## - ОБЩИЕ ПРИМЕЧАНИЯ | |
| Текст примечания | На книге имеются пометы и штампы, позволяющие предположить, что она находилась в Отделе специального хранения ГПБ |
| 510 1# - ПАРАЛЛЕЛЬНОЕ ЗАГЛАВИЕ | |
| Связь между полями | a01 |
| Параллельное заглавие | וויאזוי די סאָציאל-דעמאָקראטיע פארשטייט די נאציאָנאלע פראגע |
| Сведения, относящиеся к заглавию | געדרוקט אינ 1904 יאָר אינ גרוזיניש אינ דער צייטונג פּראָלעטאריאטיס ברדזאָלא/דער קאמפ פונעמ פּראָלעטאריאט |
| -- | י. סטאלנ |
| 541 1# - ПЕРЕВОД ЗАГЛАВИЯ, СДЕЛАННЫЙ КАТАЛОГИЗАТОРОМ | |
| Заглавие | Как социал-демократия понимает национальный вопрос? |
| Сведения, относящиеся к заглавию | Напечатано в 1904 г. на грузинском в газете "Пролетариатис брдзола" ("Борьба пролетариата") |
| Язык заглавия | русский |
| 700 #1 - ИМЯ ЛИЦА - ПЕРВИЧНАЯ ОТВЕТСТВЕННОСТЬ | |
| Связь между полями | a01 |
| Начальный элемент ввода | Сталин |
| Часть имени, кроме начального элемента ввода | И.В. |
| Даты | 1879-1953 |
| Расширение инициалов личного имени | Иосиф Виссарионович |
| Идентификатор авторитетной/нормативной записи | RU\NLR\AUTH\7949564 |
| Код отношения | Автор |
| Графика поля | Кириллица |
| 790 #1 - ИМЯ ЛИЦА - АЛЬТЕРНАТИВНАЯ ФОРМА | |
| Связь между полями | a01 |
| Начальный элемент ввода | Stalin |
| Часть имени, кроме начального элемента ввода | I.V. |
| Даты | 1879-1953 |
| Расширение инициалов личного имени | Iosif Vissarionovitsh |
| Код отношения | Автор |
| Графика поля | Латинская |
| 790 #1 - ИМЯ ЛИЦА - АЛЬТЕРНАТИВНАЯ ФОРМА | |
| Связь между полями | a01 |
| Начальный элемент ввода | סטאלין |
| Часть имени, кроме начального элемента ввода | .י.וו |
| Даты | 1879-1953 |
| Расширение инициалов личного имени | יוסף וויסאריאָנאָוויטש |
| Код отношения | Автор |
| 801 #0 - ИСТОЧНИК ЗАПИСИ | |
| Страна | российская федерация |
| Организация | NLR |
| Дата составления | 20110731 |
| Правила каталогизации | psbo |
| 801 #0 - ИСТОЧНИК ЗАПИСИ | |
| Страна | российская федерация |
| Организация | NLR |
| Правила каталогизации | PSBO |
| 801 #1 - ИСТОЧНИК ЗАПИСИ | |
| Страна | российская федерация |
| Организация | NLR |
| Дата составления | 20110731 |
| Источник данных | rusmarc |
| 852 ## - МЕСТОНАХОЖДЕНИЕ И ШИФР ХРАНЕНИЯ | |
| Идентификатор организации | NLR |
| Наименование фонда или коллекции (Sub-Location Identifier) | ОЛСАА/идиш |
| Шифр хранения (Call Number) | 1-14 |
| 942 ## - ДОПОЛНИТЕЛЬНЫЕ ЭЛЕМЕНТЫ ЗАПИСИ (АБИС) | |
| Тип экземпляра АБИС | Книга |
| 945 ## - Информацию об издании предоставили: | |
| Полное название организации, предоставившей материал | Российская национальная библиотека |
| 980 ## - КОЛЛЕКЦИЯ | |
| Название коллекции | Национальная библиография |
| 980 ## - КОЛЛЕКЦИЯ | |
| Название коллекции | Библиография Победы |
| 980 1# - КОЛЛЕКЦИЯ | |
| Название коллекции | Издания на идише из фонда ОЛСАА |
Нет доступных экземпляров.